<?xml version="1.0" encoding="UTF-8"?>
<collection xmlns="http://www.loc.gov/MARC21/slim">
 <record>
  <leader>01275nam0a2200265   4500</leader>
  <controlfield tag="001">in00000004908</controlfield>
  <controlfield tag="005">20240428111028.6</controlfield>
  <datafield tag="010" ind1=" " ind2=" ">
   <subfield code="a">978-7-5447-9765-8</subfield>
   <subfield code="b">精装</subfield>
   <subfield code="d">CNY89.00</subfield>
  </datafield>
  <datafield tag="035" ind1=" " ind2=" ">
   <subfield code="a">012069094</subfield>
  </datafield>
  <datafield tag="100" ind1=" " ind2=" ">
   <subfield code="a">20230830d2023    em y0chiy50      ea</subfield>
  </datafield>
  <datafield tag="101" ind1="1" ind2=" ">
   <subfield code="a">chi</subfield>
   <subfield code="c">eng</subfield>
  </datafield>
  <datafield tag="102" ind1=" " ind2=" ">
   <subfield code="a">CN</subfield>
   <subfield code="b">320000</subfield>
  </datafield>
  <datafield tag="105" ind1=" " ind2=" ">
   <subfield code="a">a   z   000yy</subfield>
  </datafield>
  <datafield tag="106" ind1=" " ind2=" ">
   <subfield code="a">r</subfield>
  </datafield>
  <datafield tag="200" ind1="1" ind2=" ">
   <subfield code="a">天气的秘密</subfield>
   <subfield code="9">tian qi de mi mi</subfield>
   <subfield code="d">The secret world of weather</subfield>
   <subfield code="f">(英)特里斯坦·古利著</subfield>
   <subfield code="g">周颖琪译</subfield>
   <subfield code="z">eng</subfield>
  </datafield>
  <datafield tag="210" ind1=" " ind2=" ">
   <subfield code="a">南京</subfield>
   <subfield code="c">译林出版社</subfield>
   <subfield code="d">2023</subfield>
  </datafield>
  <datafield tag="215" ind1=" " ind2=" ">
   <subfield code="a">440页</subfield>
   <subfield code="c">图，照片</subfield>
   <subfield code="d">21cm</subfield>
  </datafield>
  <datafield tag="300" ind1=" " ind2=" ">
   <subfield code="a">天际线</subfield>
  </datafield>
  <datafield tag="330" ind1=" " ind2=" ">
   <subfield code="a">本书作者融合自然观察经验和科学插图，解读各种天气现象的成因，带领我们走进由那些不起眼的景象和声音组成的奇境。我们将一同穿越云层、解剖雨水、观察树叶、聆听虫鸣，在蛛丝马迹中探寻天气的秘密，收获观察世界的全新维度。</subfield>
  </datafield>
  <datafield tag="510" ind1="1" ind2=" ">
   <subfield code="a">Secret world of weather</subfield>
   <subfield code="e">how to read signs in every cloud, breeze, hill, street, plant, animal and dewdrop</subfield>
   <subfield code="z">eng</subfield>
  </datafield>
  <datafield tag="606" ind1="0" ind2=" ">
   <subfield code="a">天气</subfield>
   <subfield code="j">普及读物</subfield>
  </datafield>
  <datafield tag="690" ind1=" " ind2=" ">
   <subfield code="a">P44-49</subfield>
   <subfield code="v">5</subfield>
  </datafield>
  <datafield tag="701" ind1=" " ind2="0">
   <subfield code="c">(英)</subfield>
   <subfield code="a">古利</subfield>
   <subfield code="9">gu li</subfield>
   <subfield code="c">(Gooley, Tristan)</subfield>
   <subfield code="4">著</subfield>
  </datafield>
  <datafield tag="702" ind1=" " ind2="0">
   <subfield code="a">周颖琪</subfield>
   <subfield code="9">zhou ying qi</subfield>
   <subfield code="4">译</subfield>
  </datafield>
  <datafield tag="999" ind1="f" ind2="f">
   <subfield code="s">d3181ab4-0bc5-4afd-8ee4-c17c9c144a60</subfield>
   <subfield code="i">15d8053d-5643-400c-9d1e-ace0cd547d85</subfield>
  </datafield>
 </record>
</collection>
